02586 2201105 4500001002100000005001500021035002000036007000300056008004100059020002200100100002000122245007400142250000600216260003100222300004300253650002200296700001600318856001400334082000800348084001400356990001500370990001500385990001500400990001500415990001500430990001500445990001500460990001500475990001500490990001500505990001500520990001500535990001500550990001500565990001500580990001500595990001500610990001500625990001500640990001500655990001500670990001500685990001500700990001500715990001500730990001500745990001500760990001500775990001500790990001500805990001500820990001500835990001500850990001500865990001500880990001500895990001500910990001500925990001500940990001500955990001500970990001500985990001501000990001501015990001501030990001501045990001501060990001501075990001501090990001501105990001501120990001501135990001501150990001501165990001501180990001501195990001501210990001501225990001501240990001501255990001501270990001501285990001501300990001501315990001501330990001501345990001501360990001501375990001501390990001501405990001501420990001501435990001501450990001501465INLIS00000000000246520260414104525 a0010-0426000015ta260414 0 ind  a978-623-522-757-30 aT. Sapto Sayogo1 aSeni Teater Untuk SMA/MA Kelas XII /cT. Sapto Sayogo dan Eka Permana a- aJakarta :bErlangga,c2024 a228 hlm :bIlust ;c17,6 cm x 25 cme- 4aSeni dan Olahraga0 aEka Permana a792 SAP s a792 a792 SAP s aKumer14430 aKumer14431 aKumer14432 aKumer14433 aKumer14434 aKumer14435 aKumer14436 aKumer14437 aKumer14438 aKumer14439 aKumer14440 aKumer14441 aKumer14442 aKumer14443 aKumer14444 aKumer14445 aKumer14446 aKumer14447 aKumer14448 aKumer14449 aKumer14450 aKumer14451 aKumer14452 aKumer14453 aKumer14454 aKumer14455 aKumer14456 aKumer14457 aKumer14458 aKumer14459 aKumer14460 aKumer14461 aKumer14462 aKumer14463 aKumer14464 aKumer14465 aKumer14466 aKumer14467 aKumer14468 aKumer14469 aKumer14470 aKumer14471 aKumer14472 aKumer14473 aKumer14474 aKumer14475 aKumer14476 aKumer14477 aKumer14478 aKumer14479 aKumer14480 aKumer14481 aKumer14482 aKumer14483 aKumer14484 aKumer14485 aKumer14486 aKumer14487 aKumer14488 aKumer14489 aKumer14490 aKumer14491 aKumer14492 aKumer14493 aKumer14494 aKumer14495 aKumer14496 aKumer14497 aKumer14498 aKumer14499 aKumer14500 aKumer14501 aKumer14502 aKumer14503